夏の甲子園 都道府県別最多出場校 - Statistics

General Stats
  • This quiz has been taken 529 times
    285 since last reset
  • The average score is 30 of 52
Answer Stats
都道府県 出場回数 高校 % Correct
北海道 41回 北海
89%
宮城 31回 仙台育英
87%
岩手 13回 花巻東
85%
神奈川 21回 横浜
85%
青森② 12回 青森山田
84%
和歌山 28回 智弁和歌山
83%
福島 20回 聖光学院
82%
青森① 12回 八戸学院光星
78%
広島 26回 広陵
78%
大阪 17回 PL学園
78%
奈良 30回 天理
75%
栃木 16回 作新学院
74%
石川 22回 星稜
71%
秋田 19回 秋田
69%
滋賀 17回 近江
68%
愛知 29回 中京大中京
67%
沖縄 14回 興南
67%
山形 20回 日大山形
66%
東京 30回 早稲田実
66%
兵庫 16回 報徳学園
65%
高知② 23回 明徳義塾
65%
岐阜 31回 県岐阜商
64%
京都 34回 龍谷大平安
64%
静岡 26回 静岡
62%
香川 22回 高松商
60%
愛媛 26回 松山商
60%
埼玉 15回 浦和学院
59%
鹿児島② 20回 鹿児島実
58%
茨城 16回 常総学院
57%
高知① 23回 高知商
57%
岡山② 11回 倉敷商
55%
徳島 24回 徳島商
53%
新潟① 12回 日本文理
51%
富山 22回 高岡商
51%
長野 38回 松商学園
48%
三重 14回 三重
48%
福井 22回 福井商
48%
佐賀 16回 佐賀商
47%
熊本 23回 熊本工
47%
大分 15回 大分商
45%
山梨 14回 東海大甲府
41%
群馬 14回 桐生
39%
新潟② 12回 中越
39%
千葉 12回 銚子商
33%
長崎 19回 海星
33%
山口 12回 宇部商
31%
宮崎 9回 日南学園
30%
鹿児島① 20回 樟南
29%
鳥取 23回 鳥取西
24%
島根 12回 浜田
23%
福岡 10回 小倉
20%
岡山① 11回 岡山東商
14%
No matching quizzes found
Score Distribution
Percent of People with Each Score
Percentile by Number Answered
Your Score History
You have not taken this quiz since the last reset